00430nam a2200193Ia 4500003000900000008004100009040001300050040001300063041000800076100001900084245004800103250001200151260000800163260000900171300001100180300001200191490002700203490000600230IT-RoPAU120407s9999 xx 000 0 und d aIT-RoPAU cIT-RoPAU aita aGaetano Savoca aI profeti d’Israele: voce del Dio vivente aBologna aEDB c1985 a224 p. c21,5 cm aLa Bibbia nella storia v3